History Quiz

Random History or Discovery Quiz

Accidental Inventions Quiz Stats

 Plays Quiz Updated Sep 15, 2016

Also try: Famous Inventors
Challenge
Share
Tweet
Embed
Score 0/18 Timer 08:00
4 Plays Today
Credited to Invention/Discovery % Correct
John PembertonCoca-Cola
90%
Alexander FlemingPenicillin
86.1%
George CrumPotato chips
81%
Ruth WakefieldChocolate chip cookies
74.5%
Percy SpencerMicrowave oven
74%
Richard T. JamesSlinky
71.1%
Arthur FryPost-It Notes
66.4%
Albert HofmannLysergic Acid Diethylamide (LSD)
65.6%
Roy PlunkettTeflon (PTFE)
60.9%
Credited to Invention/Discovery % Correct
Wilhelm C. RöntgenX-rays
59.5%
James WrightSilly Putty
58.8%
Harry Coover, Fred JoynerCyanoacrylate (SuperGlue)
54.5%
Frank EppersonIce pop/Popsicle
52.5%
Charles GoodyearVulcanization
49.1%
William HerschelUranus
48.5%
Wilson GreatbatchImplantable pacemaker
31.8%
Patsy Sherman, Samuel SmithScotchgard
27.2%
James M. SchlatterAspartame
25.4%

You're not logged in!

Compare scores with friends on all Sporcle quizzes.
Join for Free
OR
Log In

You Might Also Like...

Show Comments

Extras

Top Quizzes Today


Score Distribution

Your Account Isn't Verified!

In order to create a playlist on Sporcle, you need to verify the email address you used during registration. Go to your Sporcle Settings to finish the process.

Report this User

Report this user for behavior that violates our Community Guidelines.

Details: